000 01235nam0a22002891 4500
001 rc\3166176
005 20120615111331.2
021 _aRU
_b[77-13292]
035 _a(NLR Aleph) 007327266
090 _a5972210
_c5972210
100 _a20120615d1976 |||y0rusy50 ca
101 0 _arus
102 _aRU
105 _ay c |||||
200 1 _aФото- и кинотехника
_eАннот. указ. литературы
_f[Сост. С.А. Паршин]
_gГос. респ. юнош. б-ка РСФСР им. 50-летия ВЛКСМ
210 _aМосква
_cБ. и.
_d1976
215 _a16 с.
_d20
225 1 _aВ помощь техническому творчеству молодежи
606 _aКинотехника
_jУказатели литературы
_2psbo
606 _aФотография
_jУказатели литературы
_2psbo
700 1 _aПаршин
_bС. А.
_gСергей Александрович
_4220
712 0 2 _aРоссийская республиканская юношеская библиотека им. 50-летия ВЛКСМ
_3RU\NLR\AUTH\889969226
801 0 _aRU
_bNLR
_gpsbo
801 1 _aRU
_bELAR
_2rusmarc
852 _aNLR
_jС327-420/П18
942 _cBOOK
980 _aNB